| 000 | 00563nam a22002057a 4500 | ||
|---|---|---|---|
| 003 | OSt | ||
| 005 | 20140310183025.0 | ||
| 008 | 130216t xxu||||| |||| 00| 0 eng d | ||
| 020 | _a9789712356032 | ||
| 050 |
_aLB 1115 _b.Sa161F1 2010 |
||
| 100 | _aSalana, June P. | ||
| 245 |
_a Field study 1 : _cJune P. Salana _bthe learner's development and environment / |
||
| 260 |
_aManila : _bRex Book Store, _c2010. |
||
| 300 |
_a66 p. : _c26 cm. |
||
| 521 | _aEDU | ||
| 650 | _aChild development. | ||
| 942 |
_2lcc _cBK _kLOC |
||
| 999 |
_c18406 _d18406 |
||